=LDR 00000nam 2200000 4500 =001 INLIS000000000008588 =005 20130612100435 =008 ***********************************Ind** =035 ##$$0010-061300000008588 =041 ##$$a Ind =082 ##$$a 372.8 =090 ##$$a 372.8, Muc i =100 ##$$a Muchtar =245 ##$$a IPS 4B, Muchtar =260 ##$$a 2002 $b Jakarta =300 ##$$a 80 hlm, 28 cm =650 ##$$a IPS Pendidikan Dasar =850 ##$$a NBPNMAT